[Event "Wuerttemberg-ch KT"]
[Site "Stuttgart"]
[Date "2017.08.27"]
[Round "2"]
[White "Meschke, Andreas"]
[Black "Junginger, Andreas"]
[Result "1-0"]
[WhiteElo "2040"]
[BlackElo "1938"]
[PlyCount "59"]
[EventDate "2017.08.26"]
[EventType "swiss"]
[EventRounds "7"]
[EventCountry "GER"]
[SourceTitle "EXT 2019"]
[Source "ChessBase"]
[SourceDate "2018.10.10"]
[SourceVersion "1"]
[SourceVersionDate "2018.10.10"]
[SourceQuality "1"]

1. e4 Nf6 2. e5 Nd5 3. d4 d6 4. c4 Nb6 5. exd6 exd6 6. d5 Bf5 7. Nc3 Be7 8. Nf3 0-0 9. Be2 N8d7 10. 0-0 Re8 11. Nd4 Bg6 12. f4 h6 13. b3 Bf6 14. Bb2 Nc5 15. f5 Bh7 16. Rc1 Bg5 17. Rc2 Be3+ 18. Kh1 Ne4 19. Nxe4 Rxe4 20. Qd3 Re8 21. Rf3 Bg5 22. Rg3 Bf6 23. Qd2 Bg5 24. Qc3 Bf6 25. Qf3 Nd7 26. Qh5 Kf8 27. Ne6+ fxe6 28. dxe6 Qe7 29. exd7 Qxd7 30. Bxf6 1-0

[Event "Reutlingen op 22nd"]
[Site "Reutlingen"]
[Date "2017.06.04"]
[Round "4"]
[White "Schwab, Markus"]
[Black "Junginger, Andreas"]
[Result "1-0"]
[WhiteElo "2141"]
[BlackElo "1934"]
[PlyCount "95"]
[EventDate "2017.06.02"]
[EventType "swiss"]
[EventRounds "7"]
[EventCountry "GER"]
[SourceTitle "CBM 179 Extra"]
[Source "ChessBase"]
[SourceDate "2017.08.23"]
[SourceVersion "1"]
[SourceVersionDate "2017.08.23"]
[SourceQuality "1"]

1. c4 Nf6 2. g3 e6 3. Bg2 d5 4. Nf3 c5 5. cxd5 exd5 6. d4 Nc6 7. 0-0 Be7 8. Nc3 0-0 9. b3 Ne4 10. Bb2 Bf6 11. Na4 Be6 12. dxc5 Bxb2 13. Nxb2 Nxc5 14. Nd3 Ne4 15. Nf4 Qd7 16. Rc1 Rac8 17. Nd4 Nf6 18. Nxc6 Rxc6 19. Qd4 a6 20. Nd3 Rxc1 21. Rxc1 Rc8 22. Rxc8+ Qxc8 23. Qc5 Qxc5 24. Nxc5 Bc8 25. b4 Kf8 26. e3 Ke7 27. Nb3 Kd6 28. Kf1 Bd7 29. Nd4 Ng4 30. Ke2 Ne5 31. f4 Nc6 32. Nxc6 Bxc6 33. Kd3 f5 34. Kd4 b5 35. Bf3 g6 36. g4 Bb7 37. gxf5 gxf5 38. Bh5 Bc8 39. Bf7 Bb7 40. Bg8 h6 41. Bf7 Bc6 42. Bh5 Bd7 43. Bd1 Bc6 44. Bb3 Bb7 45. a4 Bc6 46. axb5 axb5 47. Bc2 Bd7 48. Bd3 1-0

[Event "Stuttgart-ch op"]
[Site "Ditzingen"]
[Date "2009.05.21"]
[Round "1"]
[White "Junginger, Andreas"]
[Black "Gschnitzer, Oswald"]
[Result "0-1"]
[WhiteElo "2044"]
[BlackElo "2429"]
[PlyCount "110"]
[EventDate "2009.05.21"]
[EventType "swiss"]
[EventRounds "7"]
[EventCountry "GER"]
[SourceTitle "CBM 130 Extra"]
[Source "ChessBase"]
[SourceDate "2009.07.02"]
[SourceVersion "2"]
[SourceVersionDate "2009.07.15"]
[SourceQuality "1"]

1. e4 c5 2. c3 Nf6 3. e5 Nd5 4. d4 cxd4 5. cxd4 d6 6. Nf3 e6 7. Bb5+ Bd7 8. Bxd7+ Nxd7 9. 0-0 Be7 10. Nbd2 0-0 11. Re1 Rc8 12. a3 Qc7 13. Nf1 Qc2 14. Ne3 Qxd1 15. Rxd1 N7b6 16. Bd2 Nxe3 17. Bxe3 Rc2 18. Rac1 Rxb2 19. Rc7 Nd5 20. Rd7 dxe5 21. Nxe5 Rc8 22. Nd3 Rb3 23. Nc5 Bxc5 24. dxc5 Kf8 25. Bd4 Ke8 26. Rd6 Ke7 27. Re1 Nf6 28. Bxf6+ gxf6 29. Red1 Rxc5 30. Rd7+ Kf8 31. Rd8+ Kg7 32. h4 Rc7 33. Ra8 Rxa3 34. Rdd8 b5 35. g4 Rb7 36. Rh8 Kh6 37. Kg2 Rd7 38. Rag8 Rd5 39. Rf8 Rd7 40. Rfg8 Rd5 41. Rf8 Rd4 42. f3 Rd2+ 43. Kg3 Rdd3 44. Rxf7 Rxf3+ 45. Kg2 Rg3+ 46. Kf2 Rxg4 47. Rhxh7+ Kg6 48. h5+ Kf5 49. Rh6 Rf4+ 50. Kg2 Kg4 51. Rhh7 Rc4 52. Rfg7+ Kf5 53. Rxa7 Rxa7 54. Rxa7 Kg5 55. Rb7 b4 0-1

[Event "Stuttgart op 6th"]
[Site "Ditzingen"]
[Date "2001.05.25"]
[Round "3"]
[White "Junginger, Andreas"]
[Black "Klundt, Klaus"]
[Result "0-1"]
[WhiteElo "2020"]
[BlackElo "2366"]
[PlyCount "108"]
[EventDate "2001.05.24"]
[EventType "swiss"]
[EventRounds "7"]
[EventCountry "GER"]
[SourceTitle "CBM 082 Extra"]
[Source "ChessBase"]
[SourceDate "2001.07.03"]
[SourceVersion "1"]
[SourceVersionDate "2001.07.03"]
[SourceQuality "1"]

1. e4 c5 2. c3 d6 3. d4 Nf6 4. Bd3 g6 5. Nf3 Bg7 6. 0-0 0-0 7. h3 cxd4 8. cxd4 Nc6 9. Nc3 d5 10. e5 Ne8 11. Be3 f6 12. Qb3 Nc7 13. exf6 Rxf6 14. Be2 b6 15. Ne4 Rf8 16. Ng3 Ne6 17. Rfd1 Qd6 18. Rac1 Bb7 19. Rd2 Nf4 20. Qd1 Rad8 21. Bf1 Bh6 22. Rc3 Bg7 23. Rc1 Rf6 24. Ne5 Rff8 25. Nxc6 Bxc6 26. Rdc2 Bb7 27. Rc7 Rd7 28. Qc2 Ne6 29. Rxd7 Qxd7 30. Qd2 Rc8 31. Rxc8+ Qxc8 32. Be2 Qf8 33. Bg4 Qf6 34. Ne2 Nd8 35. Bg5 Qd6 36. Qe3 Kf7 37. Qf3+ Bf6 38. Qe3 Nc6 39. Bf4 e5 40. dxe5 Bxe5 41. Bh6 Bf6 42. Bf4 Qe7 43. Qb3 Ne5 44. Bxe5 Qxe5 45. Bf3 Kg7 46. Qb5 Kh6 47. Qd7 Ba6 48. Ng3 Qe1+ 49. Kh2 Qxf2 50. Qf7 Qd4 51. Bxd5 Qe5 52. Bf3 Bd3 53. Qf8+ Bg7 54. Qf7 Qd6 0-1

[Event "Stuttgart op 6th"]
[Site "Ditzingen"]
[Date "2001.05.24"]
[Round "1"]
[White "Junginger, Andreas"]
[Black "Fahnenschmidt, Gerhard"]
[Result "0-1"]
[WhiteElo "2020"]
[BlackElo "2285"]
[PlyCount "94"]
[EventDate "2001.05.24"]
[EventType "swiss"]
[EventRounds "7"]
[EventCountry "GER"]
[SourceTitle "CBM 082 Extra"]
[Source "ChessBase"]
[SourceDate "2001.07.03"]
[SourceVersion "1"]
[SourceVersionDate "2001.07.03"]
[SourceQuality "1"]

1. e4 c5 2. c3 Nf6 3. e5 Nd5 4. d4 cxd4 5. cxd4 g6 6. Nf3 Bg7 7. Bc4 Nb6 8. Bb3 0-0 9. 0-0 d6 10. Nc3 Bg4 11. h3 Bxf3 12. Qxf3 Nc6 13. exd6 Qxd6 14. d5 Nd4 15. Qd1 Nxb3 16. Qxb3 Bxc3 17. bxc3 Qxd5 18. Qb4 e5 19. Bh6 Rfd8 20. Qe7 Qd6 21. Qxb7 Rd7 22. Qf3 f5 23. Rfd1 Qe6 24. Rxd7 Qxd7 25. Rd1 Qc7 26. c4 Rc8 27. c5 Qxc5 28. Qb7 Qc7 29. Rd8+ Kf7 30. Rh8 Qxb7 31. Rxh7+ Kf6 32. Rxb7 g5 33. Rxa7 Kg6 34. Ra6 Rc1+ 35. Kh2 Kxh6 36. Rxb6+ Kg7 37. Rb5 Kf6 38. a4 e4 39. a5 Ra1 40. g3 Ra2 41. Kg1 f4 42. gxf4 gxf4 43. h4 f3 44. h5 Ra1+ 45. Kh2 e3 46. Rb6+ Kg5 47. Rb5+ Kh6 0-1

[Event "Boeblingen op 17th"]
[Site "Boeblingen"]
[Date "2000.12.28"]
[Round "4"]
[White "Junginger, Andreas"]
[Black "Hoeschele, Hans Ulrich"]
[Result "0-1"]
[WhiteElo "2052"]
[BlackElo "2233"]
[PlyCount "112"]
[EventDate "2000.12.27"]
[EventType "swiss"]
[EventRounds "9"]
[EventCountry "GER"]
[SourceTitle "EXT 2006"]
[Source "ChessBase"]
[SourceDate "2005.11.24"]
[SourceVersion "1"]
[SourceVersionDate "2005.11.24"]
[SourceQuality "1"]

1. e4 d6 2. d4 Nf6 3. Nc3 Nbd7 4. Nf3 e5 5. Bc4 Be7 6. 0-0 0-0 7. Bg5 c6 8. a4 h6 9. Bh4 Nxe4 10. Nxe4 d5 11. Bxe7 Qxe7 12. Bxd5 cxd5 13. Nc3 e4 14. Ne5 Nf6 15. f3 exf3 16. Qxf3 Be6 17. Qd3 Rac8 18. Ra3 a6 19. Raa1 Nh7 20. Ne2 Rfe8 21. c3 f6 22. Ng6 Qd7 23. Ng3 Bf7 24. Rfe1 Ng5 25. Nf4 Qg4 26. Qf5 Qxf5 27. Nxf5 Ne4 28. Ne3 Rcd8 29. Re2 g5 30. Nd3 Be6 31. Rf1 Kg7 32. Nf5+ Kg6 33. Ng3 Bg4 34. Re3 Nxg3 35. Rxg3 Be2 36. Re1 Bxd3 37. Rxe8 Rxe8 38. Rxd3 Re2 39. b4 b5 40. axb5 axb5 41. Kf1 Rc2 42. Re3 g4 43. Kg1 h5 44. h3 Kf5 45. hxg4+ Kxg4 46. Rf3 Kg5 47. Kf1 h4 48. Kg1 f5 49. Kf1 f4 50. Kg1 Kf5 51. Kf1 Ke4 52. Rh3 Rd2 53. Rf3 Rd3 54. Ke2 Re3+ 55. Kf2 Rxf3+ 56. gxf3+ Kd3 0-1

[Event "Leinfelden Schachtage op 1st"]
[Site "Leinfelden"]
[Date "2000.??.??"]
[Round "1"]
[White "Junginger, Andreas"]
[Black "Kekelidze, Mikheil"]
[Result "0-1"]
[WhiteElo "2071"]
[BlackElo "2461"]
[PlyCount "50"]
[EventDate "2000.08.??"]
[EventType "swiss"]
[EventRounds "7"]
[EventCountry "GER"]
[SourceTitle "EXT 2003"]
[Source "ChessBase"]
[SourceDate "2002.11.25"]
[SourceVersion "1"]
[SourceVersionDate "2002.11.25"]
[SourceQuality "1"]

1. e4 c5 2. c3 d6 3. d4 Nf6 4. Bd3 Nc6 5. Ne2 g6 6. 0-0 Bg7 7. d5 Ne5 8. Bc2 0-0 9. f4 Nc4 10. b3 Nb6 11. Bb2 e6 12. dxe6 fxe6 13. Ng3 d5 14. e5 Ne8 15. Qg4 Nc7 16. Nd2 Bd7 17. Nf3 Nc8 18. Nh5 Ne7 19. Nxg7 Kxg7 20. Ng5 Nf5 21. Qh3 h6 22. g4 hxg5 23. gxf5 exf5 24. Qg2 g4 25. Qxd5 Nxd5 0-1